| 000 | 00540nam a22001817a 4500 | ||
|---|---|---|---|
| 003 | CEME | ||
| 005 | 20210628203204.0 | ||
| 008 | 210127b xxu||||| |||| 00| 0 eng d | ||
| 020 | _a0-262-12255-3 | ||
| 040 | _c. | ||
| 082 | _a621.395 ANA | ||
| 100 |
_aLiu, Shih-Chii:Kramer, Jorg _963859 |
||
| 245 | _aAnalog vlsi;circuits and principles | ||
| 260 |
_aLONDON _bTHE MIT PRESS _c2002 |
||
| 300 | _aXI,434P | ||
| 650 |
_aINTEGRATED CIRCUITS, VERY LARGE SCALE INTEGRATION, LINEAR INTEGRATED CIRCUITS ANALOG VLSI _963860 |
||
| 942 |
_cBK _2ddc |
||
| 999 |
_c572559 _d572559 |
||